| 000 | 00405nam a22001697a 4500 | ||
|---|---|---|---|
| 003 | OSt | ||
| 008 | 250926b |||||||| |||| 00| 0 eng d | ||
| 020 | _a9780199537372 | ||
| 082 | _a873 OVM | ||
| 100 | _aOvid and MELVILLE, A. D. | ||
| 245 | _aMetamorphoses | ||
| 250 | _a1st. ed., | ||
| 260 |
_aNew York, _bOxford University Press, _c2008, |
||
| 300 | _a480 p. | ||
| 650 | _aEnglish | ||
| 942 |
_2ddc _cBK |
||
| 999 |
_c13746 _d13746 |
||